|
|
|
|
| LEADER |
01059nam a2200289 a 4500 |
| 001 |
000013448 |
| 003 |
CZ BrMZK |
| 005 |
20080507092552.0 |
| 007 |
ta |
| 008 |
940408s1993 xr a f cze d |
| 020 |
|
|
|c 100.00
|
| 040 |
|
|
|a BOA001
|b cze
|
| 080 |
9 |
|
|a 37-053.4
|
| 080 |
9 |
|
|a 372.3:37-053.4
|
| 100 |
1 |
|
|a Vítková, Marie,
|d 1947-
|7 xx0001379
|4 aut
|
| 245 |
1 |
0 |
|a Vliv výchovy na vývoj výtvarných aktivit u dětí od 1-6 let /
|c Marie Vítková
|
| 260 |
|
|
|a Brno :
|b Masarykova univerzita,
|c 1993
|
| 300 |
|
|
|a 204 s. :
|b il.
|
| 500 |
|
|
|a Habilitační práce pedag. fak. Masarykovy univ.v Brně
|
| 504 |
|
|
|a Obsahuje bibliografii
|
| 653 |
0 |
|
|a výtvarné aktivity
|
| 910 |
|
|
|a BOA001
|b 4-0997.754
|b PK-N-0030.788
|
| 920 |
|
|
|a 000046164
|
| 964 |
|
|
|a Děti do šesti let - aktivity výtvarné - výchova - vlivy
|
| 990 |
|
|
|a BK
|
| 996 |
7 |
|
|b 2610007473
|c 4-0997.754
|l MZK
|r Sklad / do 1 hodiny
|n 13
|p p.v.
|w 000013448
|u 000010
|a 1
|e BOA001
|j MZK50
|s A
|
| 996 |
7 |
|
|b 3119983434
|c PK-N-0030.788
|l MZK
|r Sklad / do 1 hodiny
|n 12
|w 000013448
|u 000020
|a 1
|e BOA001
|j MZK50
|s A
|